00498cam a22001935a 450000100090000000300050000900500170001400800410003101000170007204000130008904200080010208200200011010000180013024500730014825000120022126000510023326300090028430000110029317509765NUST20180117104012.0121026s2013 cau 000 0 eng  a 2012952715 aDLCcDLC apcc a001.4220285 BAZ1 aBazeley, Pat.10aQualitative data analysis with NVIVO /cPat Bazeley, Kristi Jackson. a2nd ed. aThousand Oaks, CA :bSage Publications,c2013. a1305 ap. cm.